000
00301nam a2200109Ia 4500
008
180205s9999 xx 000 0 und d
020
_a
9716856972
100
_a
Marquez, Servillano T.
245
_a
Developmental reading 2
260
_a
Quezon City
_b
National book store
_c
2009
300
_a
ii, 176 pages
999
_c
354888
_d
354888